| 000 | 00377nam a2200145Ia 4500 | ||
|---|---|---|---|
| 008 | 150201s1997 xx 000 0 und d | ||
| 082 |
_a617.692 _bF1997S |
||
| 100 | _aSHILLINGBERG,H.T. | ||
| 245 | _aFUNDAMENTALS OF FIXED PROSTHODONTICS | ||
| 250 | _a3RD | ||
| 260 |
_bQUINTESSENCE PUBLICATION _aU.K _c1997 |
||
| 300 | _a1-580 | ||
| 650 | _aPROSTHODONTICS | ||
| 942 |
_2ddc _cBK _03 |
||
| 999 |
_c3773 _d3773 |
||